|
|
|
|
| LEADER |
00000cam a22000004a 4500 |
| 001 |
musev2_3779 |
| 003 |
MdBmJHUP |
| 005 |
20230905040452.0 |
| 006 |
m o d |
| 007 |
cr||||||||nn|n |
| 008 |
080418s2008 mnu o 00 0 eng d |
| 010 |
|
|
|z 2008016607
|
| 020 |
|
|
|a 9780873517034
|
| 020 |
|
|
|z 0873518152
|
| 020 |
|
|
|z 9780873518154
|
| 020 |
|
|
|z 0873517032
|
| 035 |
|
|
|a (OCoLC)794701019
|
| 040 |
|
|
|a MdBmJHUP
|c MdBmJHUP
|
| 050 |
0 |
4 |
|a CT25
|b .T448 2008
|
| 082 |
0 |
|
|a 809/.93592
|2 22
|
| 245 |
0 |
0 |
|a Tell Me True :
|b Memoir, History, and Writing A Life /
|c edited by Patricia Hampl and Elaine Tyler May.
|
| 264 |
|
1 |
|a St. Paul, MN :
|b Borealis Books,
|c 2008.
|
| 264 |
|
3 |
|a Baltimore, Md. :
|b Project MUSE,
|c 2012
|
| 264 |
|
4 |
|c ©2008.
|
| 300 |
|
|
|a 1 online resource (240 pages).
|
| 336 |
|
|
|a text
|b txt
|2 rdacontent
|
| 337 |
|
|
|a computer
|b c
|2 rdamedia
|
| 338 |
|
|
|a online resource
|b cr
|2 rdacarrier
|
| 504 |
|
|
|a Includes bibliographical references.
|
| 505 |
0 |
0 |
|t Introduction /
|r Patricia Hampl & Elaine Tyler May --
|t The lion and the lamb, or the facts and the truth : memoir as bridge /
|r Fenton Johnson --
|t Whose war? /
|r Annette Kobak --
|t Coming to memoir as a journalist /
|r Helen Epstein --
|t All in the family /
|r June Cross --
|t It's all in the past /
|r Michael Patrick MacDonald --
|t Confessions of a memoir thief /
|r Elaine Tyler May --
|t Lady of the lake /
|r Alice Kaplan --
|t The we in the me : memoir as community /
|r Matt Becker --
|t You're history /
|r Patricia Hampl --
|t Memoir matters /
|r Cheri Register --
|t Where falsehoods dissolve : memory as history /
|r Carlos Eire --
|t Making memory /
|r Samuel G. Freedman --
|t Rue delta /
|r Andre Aciman --
|t Public policy/private lives /
|r D. J. Waldie --
|t Acknowledgments --
|t Contributors.
|
| 588 |
|
|
|a Description based on print version record.
|
| 650 |
|
0 |
|a Truth in literature.
|
| 650 |
|
0 |
|a History in literature.
|
| 650 |
|
0 |
|a Biography as a literary form.
|
| 650 |
|
0 |
|a Autobiography.
|
| 655 |
|
7 |
|a Electronic books.
|2 local
|
| 700 |
1 |
|
|a May, Elaine Tyler.
|
| 700 |
1 |
|
|a Hampl, Patricia,
|d 1946-
|
| 710 |
2 |
|
|a Project Muse.
|e distributor
|
| 830 |
|
0 |
|a Book collections on Project MUSE.
|
| 856 |
4 |
0 |
|z Texto completo
|u https://projectmuse.uam.elogim.com/book/3779/
|
| 945 |
|
|
|a Project MUSE - Custom Collection
|
| 945 |
|
|
|a Project MUSE - Archive Complete Foundation
|
| 945 |
|
|
|a Project MUSE - Archive Literature Foundation
|